Suomalaiset CS-pelaajat Majoreilla - Statistics

Yleistilastot
  • Tätä visaa on pelattu 28 kertaa
  • Keskiarvotulos 9 / 15
Vastaustilastot
Joukkueet Nimi % Oikein
ENCE, G2, NiP, NAVI Aleksib
100%
NiP, FaZe, ENCE allu
100%
ENCE sergej
100%
MOUZ Jimpphat
95%
ENCE xseveN
95%
ENCE Aerial
89%
PENTA, Mousesports suNny
79%
3DMAX natu
53%
CR4ZY ottoNd
53%
ENCE doto
37%
3DMAX xartE
37%
PENTA, Sprout zehN
26%
3DMAX diSTURBED
21%
3DMAX stonde
21%
3DMAX KHRN
16%
Ehtoja vastaavia visoja ei löytynyt
Tulosjakauma
Jokaisen tuloksen saaneiden osuus
Persentiili vastausten määrän mukaan
Tuloshistoriasi
Et ole pelannut tätä visaa